Normal view
MARC view
- Adverbio
Entry Materia
001 - NÚMERO DE CONTROL DEL REGISTRO
- campo de control: 51864
003 - IDENTIFICADOR DE NUMERO DE CONTROL
- campo de control: MX-MxUPN
005 - FECHA Y HORA DE LA ÚLTIMA TRANSACCIÓN
- campo de control: 20240507122646.0
008 - DATOS DE LONGITUD FIJA
- campo de control de longitud fija: 240507nn fnnnnbabb n ana d
040 ## - FUENTE DE LA CATALOGACIÓN
- Centro catalogador de origen: MX-MxUPN
- Lengua de catalogación: spa
150 ## - ENCABEZAMIENTO - TEMÁTICO
- Término de materia o nombre geográfico como elemento inicial: Adverbio
- Subdivisión de forma: Literatura infantil
670 ## - FUENTE EN LA QUE SE LOCALIZARON DATOS
- Cita de la fuente: Autoridades LIBRUNAM, 7 mayo 2024 :
- Información localizada: (Averbio)
- Identificador Uniforme del Recurso: https://librunam.dgb.unam.mx/
670 ## - FUENTE EN LA QUE SE LOCALIZARON DATOS
- Cita de la fuente: Autoridades BGTQ, 7 mayo 2024 :
- Información localizada: (Literatura infantil)
902 ## - CATALOGADOR
- Catalogador: VíctorGodínez/070524
